[Event "Ruhrgebiet Verbandsklasse Gruppe 3 1617"]
[Site "Germany"]
[Date "2016.12.18"]
[Round "5.7"]
[White "Schedlbauer, Daniel"]
[Black "Kraus, Reinhard"]
[Result "0-1"]
[WhiteElo "1520"]
[BlackElo "1692"]
[PlyCount "58"]
[EventDate "2016.09.04"]
[EventType "team-tourn"]
[EventRounds "9"]
[EventCountry "GER"]
[SourceTitle "EXT 2022"]
[Source "ChessBase"]
[SourceDate "2021.10.06"]
[SourceVersion "1"]
[SourceVersionDate "2021.10.06"]
[SourceQuality "1"]
[WhiteTeam "Recklinghausen Laeufer Ost"]
[BlackTeam "Mengede SG"]
[WhiteTeamCountry "GER"]
[BlackTeamCountry "GER"]

1. e4 c5 2. Nf3 e6 3. b3 Nc6 4. Bb2 d6 5. d4 cxd4 6. Nxd4 Nf6 7. Nxc6 bxc6 8. e5 Ne4 9. exd6 Qa5+ 10. c3 Qf5 11. Qc2 Nxd6 12. Qxf5 Nxf5 13. Bd3 Bd6 14. 0-0 0-0 15. c4 Bb7 16. Be4 Rad8 17. Na3 Rd7 18. Rad1 Rfd8 19. Nc2 Bxh2+ 20. Kxh2 Rxd1 21. Rxd1 Rxd1 22. c5 Rd2 23. Kg1 Ba6 24. Bc3 Rd1+ 25. Kh2 Bd3 26. Bxf5 Bxf5 27. Ne3 Rc1 28. Nxf5 exf5 29. Bd4 Rc2 0-1